00333nam a2200109Ia 4500008004100000245010400041260003500145260000900180300001000189500000800199650001600207170224s9999 xx 000 0 und d aEvent-related theta synchronization predicts deficit in facial affect recognition in schizophrenia. bJournal of Abnormal Psychology c2014 a123:2 aMay xPsychology.